Albums studios de Grand Corps Malade - Statistiques

Statistiques générales
  • Ce quiz a été pris 10 fois
  • Le résultat moyen est 7 sur 9
Statistiques - réponses
Année Album % Correct
2020 Mesdames
100%
2006 Midi 20
100%
2023 Reflets
100%
2022 Éphémère
88%
2013 Funambule
75%
2018 Plan B
75%
2010 3e Temps
50%
2008 Enfant de la ville
50%
2015 Il nous restera ça
50%
Aucun quiz correspondant
Distribution des résultats
% des personnes avec chaque résultat
Percentile par nombre de réponses
Votre historique - résultats
Vous n’avez pas pris ce quiz